Регионална библиотека "Любен Каравелов" - Русе

Хари Потър и Огненият бокал (Запис номер 346772)

MARC детайли
000 -Лидер
Контролно поле с фиксирана дължина 01758nam a2200397 c 4500
003 - Код на организацията, давaща контролен номер
Контролно поле BLK
005 - Дата и час на последна редакция
Контролно поле 20250723172500.0
008 - Елементи от данни с фиксирана дължина
fixed length control field 180409b bul|||||r ||||||| ||bul||
010 ## - Наследен системен номер
LC control number KNG00101465000
020 ## - Международен стандартен номер на книга ISBN
Международен стандартен номер на книга ISBN 9789544466213
040 ## - Източник на каталожния запис
Идентификатор на билиотеката - собственик на записа BLK
041 ## - Код за език
Код за езика на текст/звукозапис или на отделно заглавие Български
Код за езика КДБФ Български
080 ## - УДК
Текстов определител УДК Английска литература
УДК код - определител по УДК 821.111
УДК определител -93-31
УДК - код + определител 821.111-93-31
100 ## - Редна дума - Автор
Автор Роулинг, Джоан Катлийн
Дати, свързани с автора 1965-
R(LIN) 271457
139 ## - Редно поле
Редна дума Роулинг, Джоан К.
Авторски знак Рот - Р 87
245 10 - Сведения за заглавието
Заглавие Хари Потър и Огненият бокал
Подзаглавни данни Роман за деца
Редно поле (дума) Джоан К. Роулинг; прев. от англ. Мариана Христова Мелнишка.
257 ## - Страна на издаване
Страна на създаване/издаване Великобритания
260 ## - Област на издателските данни
Име на издателя, разпространителя и проч. Егмонт България
Година на издаване 2019
Печатница Пловдив : Полиграфия
300 ## - Физическа характеристика
Страници 632 с.
Размери/Мащаб 22 см
380 ## - Жанр
Жанр Детска худож. лит.
500 ## - Общи забележки
Забележка Ориг. загл. Harry Potter and the Goblet of fire / Joanne Rowling. Романът е продълж. на кн. Хари Потър и философският камък ; Хари Потър и стаята на тайните ; Хари Потър и затворникът от Азкабан.
653 ## - Ключова дума – ненормативна
Ключова дума Хари Потър
653 ## - Ключова дума – ненормативна
Ключова дума романи
653 ## - Ключова дума – ненормативна
Ключова дума литература за деца
653 ## - Ключова дума – ненормативна
Ключова дума детска литература
700 1# - Други автори (авторска отговорност)
Лично име Мелнишка, Мариана Христова
Автороска отговорност (Описва отношението между автора и произведението) прев. от англ.
Друга информация Екимова-Мелнишка, Мариана Христова
9 (RLIN) 366842
856 4# - Електронен адрес и достъп
Електронен формат pdf - файл
856 4# - Електронен адрес и достъп
Електронен формат pdf - файл
999 ## - СИСТЕМНИ КОНТРОЛНИ НОМЕРА
Koha biblionumber 346772
Koha biblioitemnumber 346772
942 ## - АРТИКУЛИ
Вид на библиотечния материал Книги
Скрит в OPAC Не
Koha issues (borrowed), all copies 166
Периодичен библиозапис Да
944 ## - СЪЗДАВАНЕ И РЕДАКЦИЯ на ЗАПИСА
Създаване/Редакция Създаване
Дата на регистрацията/редакция 01.01.2002
Служител, извършил регистрацията/редакцията 30564
Статус, дата на статуса Анна Гръцманова
944 ## - СЪЗДАВАНЕ И РЕДАКЦИЯ на ЗАПИСА
Създаване/Редакция Редакция
Дата на регистрацията/редакция 22.05.2012
999 ## - СИСТЕМНИ КОНТРОЛНИ НОМЕРА
Koha biblioitemnumber 346772
999 ## - СИСТЕМНИ КОНТРОЛНИ НОМЕРА
Koha biblioitemnumber 346772
999 ## - СИСТЕМНИ КОНТРОЛНИ НОМЕРА
Koha biblioitemnumber 96565
999 ## - СИСТЕМНИ КОНТРОЛНИ НОМЕРА
Koha biblioitemnumber 96565
Наличности
Код за отписване Код за изгубен артикул Източник на класификационната схема Код за повреда Код за отдаване Артикулен № Име на библиотеката - собственик Име на библиотеката, в която се намира в момента Статус (Текущо местоположение) Дата на вписване в системата Местоположение - отдел Цена в лева Систематично азбучна сигнатура Баркод Цена в евро Служебен тип на артикула Инвентарен номер
Изтеглен Не е изгубен Universal Decimal Classification Не е повреден заемане за дома 751887 Регионална библиотека "Любен Каравелов" Русе Регионална библиотека "Любен Каравелов" Русе Детски отдел 2019-12-12 Детски отдел 18.18 ДХ 820/899/Р 87 120000839288 9.30 Книги  
  Не е изгубен Universal Decimal Classification Не е повреден заемане за дома 751888 Регионална библиотека "Любен Каравелов" Русе Регионална библиотека "Любен Каравелов" Русе Детски отдел 2019-12-12 Детски отдел 18.18 ДХ 820/899/Р 87 120000839291 9.30 Книги  
  Не е изгубен Universal Decimal Classification Не е повреден заемане за дома 751889 Регионална библиотека "Любен Каравелов" Русе Регионална библиотека "Любен Каравелов" Русе Подвързия, Комплектуване 2019-12-12 Детски отдел 18.18 ДХ 820/899/Р 87 120000839295 9.30 Книги  
  Не е изгубен Universal Decimal Classification Не е повреден заемане за дома 751890 Регионална библиотека "Любен Каравелов" Русе Регионална библиотека "Любен Каравелов" Русе Детски отдел 2019-12-12 Детски отдел 18.18 ДХ 820/899/Р 87 120000839293 9.30 Книги  
  Не е изгубен Universal Decimal Classification Не е повреден заемане за дома 751891 Регионална библиотека "Любен Каравелов" Русе Регионална библиотека "Любен Каравелов" Русе Количка 2019-12-12 Детски отдел 18.18 ДХ 820/899/Р 87 120000839294 9.30 Книги  
  Не е изгубен Universal Decimal Classification Не е повреден заемане за дома 751892 Регионална библиотека "Любен Каравелов" Русе Регионална библиотека "Любен Каравелов" Русе Детски отдел 2019-12-12 Детски отдел 18.18 ДХ 820/899/Р 87 120000839292 9.30 Книги  
  Не е изгубен Universal Decimal Classification Не е повреден заемане за дома 751893 Регионална библиотека "Любен Каравелов" Русе Регионална библиотека "Любен Каравелов" Русе Детски отдел 2019-12-12 Детски отдел 18.18 ДХ 820/899/Р 87 120000839290 9.30 Книги  
  Не е изгубен Universal Decimal Classification Не е повреден заемане за дома 751894 Регионална библиотека "Любен Каравелов" Русе Регионална библиотека "Любен Каравелов" Русе Детски отдел 2019-12-12 Детски отдел 18.18 ДХ 820/899/Р 87 120000839289 9.30 Книги  
  Не е изгубен Universal Decimal Classification Не е повреден заемане за дома 975400 Регионална библиотека "Любен Каравелов" Русе Регионална библиотека "Любен Каравелов" Русе Детски отдел 2025-06-10 Детски отдел 23.00 821-93/Р 87 Д 120000920391 11.76 Книги 120000920391
Vip Innovations Ltd, Rousse, Bulgaria 2025